Compendio de la historia de España (Record no. 151492)

MARC details
000 -LEADER
campo de control de longitud fija 00962nam a22002055i 4500
001 - NÚMERO DE CONTROL
campo de control 151492
003 - IDENTIFICADOR DE NÚMERO DE CONTROL
campo de control ES-MaACL
005 - FECHA Y HORA DE LA ÚLTIMA TRANSACCIÓN
campo de control 20230906204225.0
008 - DATOS DE LONGITUD FIJA--INFORMACIÓN GENERAL
campo de control de longitud fija 010306s1845 sp c |||| | spa d
040 ## - FUENTE DE CATALOGACIÓN
Centro catalogador/agencia de origen CCPB | B
Lengua de catalogación spa
Centro/agencia transcriptor CCPB | B
100 1# - ENTRADA PRINCIPAL--NOMBRE DE PERSONA
Nombre de persona Anduaga y Espinosa, Baltasar.
9 (RLIN) 21682
245 10 - MENCIÓN DEL TÍTULO
Título Compendio de la historia de España
Resto del título : desde Ataulfo hasta nuestros días /
Mención de responsabilidad, etc. escrito por Baltasar Anduaga y Espinosa ; ilustrado con los retratos de los reyes y hombres célebres, dibujados y litografiados por los mejores artistas españoles.
260 ## - PUBLICACIÓN, DISTRIBUCIÓN, ETC.
Lugar de publicación, distribución, etc. Madrid :
Nombre del editor, distribuidor, etc. [s.n.],
Fecha de publicación, distribución, etc. 1845 (
Fabricante imprenta de Narciso Sanchiz)
300 ## - DESCRIPCIÓN FÍSICA
Extensión 1 v. ;
Dimensiones :
Otras características físicas il. ; 22 cm.
500 ## - NOTA GENERAL
Nota general Con el mismo título volumen 1º y 2º por Cándido de Nocedal.
597 ## - NOTA DE DESCRIPCIÓN FÍSICA
NOTA DE DESCRIPCIÓN FÍSICA T. III (277 p., [60] h. de grab.)
599 ## - NOTA A LAS ILUSTRACIONES
NOTA A LAS ILUSTRACIONES Las h. de grab. son retr. de reyes y personajes ilustres.
651 #4 - PUNTO DE ACCESO ADICIONAL DE MATERIA--NOMBRE GEOGRÁFICO
Nombre geográfico España-
Subdivisión general Historia.
9 (RLIN) 8209
852 ## - LOCALIZACIÓN
Ubicación ES-MaACL
Número de control de estantería G-824
Nota libre -- Enc. hol.
condición física -- Sólo t.III
Holdings
Estatus retirado Estado de pérdida Estado de daño No para préstamo Colección Biblioteca de origen Biblioteca actual Ubicación en estantería Fecha de adquisición Fuente de adquisición Total de préstamos Signatura topográfica completa Código de barras Visto por última vez Precio de reemplazo Tipo de ítem Koha
        Libros del s. XIX Biblioteca del Ateneo de Madrid Biblioteca del Ateneo de Madrid Sala Pecera Planta 3 17/01/2008     G-824 1158065 23/02/2023 23/02/2023 Libro impreso antiguo